Finite elements in fluids. V 3 (Record no. 32365)

MARC details
000 -LEADER
fixed length control field 00276nam a2200109Ia 4500
082 ## - DEWEY DECIMAL CLASSIFICATION NUMBER
Classification number 532
Item number GAL.3
245 #0 - TITLE STATEMENT
Title Finite elements in fluids. V 3
260 ## - PUBLICATION, DISTRIBUTION, ETC. (IMPRINT)
Place of publication Chicheter
Name of publisher John Wiley
Year of publication 1978
700 ## - ADDED ENTRY--PERSONAL NAME
Personal name Gallagher, R H
942 ## - ADDED ENTRY ELEMENTS (KOHA)
Koha item type Books
Holdings
Withdrawn status Lost status Damaged status Not for loan Home library Current library Date acquired Cost, normal purchase price Full call number Accession Number Koha item type
        RRII Library RRII Library 16/12/2021 42.50 532 GAL.3 12884 Books